000 00871nam a2200253 i 4500
001 109839
003 ES-MaACL
005 20230906184925.0
007 t|
008 061121s1969 sp r ||||1| spa d
100 1 _aMoeller, Charles (
_d1912-1986)
_981763
245 1 0 _aCultura y fe cristiana /
_cCharles Moeller, Carlo Colombo ; [traducción de J. J. Ferrero y J. J. Salinas].
260 _aZalla (Vizcaya) :
_bPaulinas,
_c1969.
300 _a91 p. ;
_c18 cm.
490 1 _aColección "Opinión y Certeza" ;
_v1
650 4 _aCristianismo-
_xHistoria-
_yS.XX.
_9160094
700 1 _aColombo, Carlo.
_939829
700 1 _aSalinas, J. J.
_9101934
700 0 _aFerrero, Juan José.
_950552
700 1 _aSalinas, Juan José.
_9167969
830 0 _aColección "Opinión y Certeza" ;
_v1
_9186597
852 _aES-MaACL
_jC-44939
_bR.73098
999 _c109839
_d109839